| 000 | 01340cam a22002054a 4500 | ||
|---|---|---|---|
| 005 | 20250605163949.0 | ||
| 008 | 250528s ||||||||||||||||||||||||d | ||
| 035 | _a15324 | ||
| 020 | _a471876836 | ||
| 040 |
_aGR-AtMCL _bgre _dGR-AtMCL _eAACR2 |
||
| 245 | 1 | _aManaging Effectively in the World Marketplace / Harvard Business Review | |
| 260 |
_bJohn Wiley And Sons, Inc, _c1983 |
||
| 300 | _a598 | ||
| 505 | 0 | _aIntroduction, How to Bridge The Cultural Gap, Organizational Design: The Key to Success?, Competition as the Main Component of International Strategy, International Manufacturing and Production, International Marketing and Exporting, Foreign Investment: Where and When and Why and How Much?, Technology Transfer: Scanning for Hidden Assets, How to Cure Nagging Financial Headaches, Author and Subject Index. | |
| 520 | _aIntroduction, How to Bridge The Cultural Gap, Organizational Design: The Key to Success?, Competition as the Main Component of International Strategy, International Manufacturing and Production, International Marketing and Exporting, Foreign Investment: Where and When and Why and How Much?, Technology Transfer: Scanning for Hidden Assets, How to Cure Nagging Financial Headaches, Author and Subject Index. | ||
| 700 | 1 |
_aDickson N. Douglas _91222 |
|
| 942 | _cBK | ||
| 999 |
_c914 _d914 |
||